Pays d'Asie de l'hémisphère nord. - Statistiques

Statistiques générales
  • Ce quiz a été pris 34 fois
  • Le résultat moyen est 38 sur 47
Statistiques - réponses
Réponses % Correct
Chine
97%
Mongolie
97%
Ouzbékistan
94%
Birmanie
91%
Inde
91%
Japon
91%
Pakistan
91%
Afghanistan
88%
Indonésie
88%
Jordanie
88%
Turkménistan
88%
Arabie Saoudite
84%
Azerbaïdjan
84%
Bangladesh
84%
Cambodge
84%
Irak
84%
Iran
84%
Israël
84%
Kazakhstan
84%
Laos
84%
Népal
84%
Thaïlande
84%
Turquie
84%
Yémen
84%
Arménie
81%
Corée du Nord
81%
Corée du Sud
81%
Oman
81%
Qatar
81%
Bhoutan
78%
Émirats arabes unis
78%
Kirghizistan
78%
Tadjikistan
78%
Vietnam
78%
Géorgie
75%
Malaisie
75%
Philippines
75%
Singapour
75%
Sri Lanka
75%
Brunei
72%
Syrie
72%
Taïwan
72%
Koweït
69%
Maldives
69%
Bahreïn
66%
Chypre
66%
Liban
63%
Aucun quiz correspondant
Distribution des résultats
% des personnes avec chaque résultat
Percentile par nombre de réponses
Votre historique - résultats
Vous n’avez pas pris ce quiz